| 000 | 01047nam a2200217 a 4500 | ||
|---|---|---|---|
| 001 | 000031628 | ||
| 003 | OSt | ||
| 005 | 20201006141906.0 | ||
| 008 | 110628s1963 dr 000 0 spa d | ||
| 040 |
_aDO-SdBNP _bspa _cBNPHU |
||
| 082 | 4 |
_a320.532 _bR426a |
|
| 110 | 1 |
_aRepública Dominicana. _9447 _b Agrupación de Fuerzas Vivas Dominicanas. _b Comité Ejecutivo Nacional. |
|
| 245 | 0 | 0 | _aAgrupación de fuerzas vivas Dominicanas. |
| 260 |
_aSanto Domingo : _b[s. n.], _c1963. |
||
| 300 |
_a52 p. ; _c22 cm. |
||
| 500 | _aCotiene una hoja plegable | ||
| 505 |
_aCómo se esta produciendo la penetración comunista en nuestro país -- _tLa lucha contra la penetración comunista -- _tUna organización idónea para luchar contra El Comunismo -- _tActución de los comunistas en los medios estudiantiles -- _tInfiltración comunista en las Fuerzas Armadas -- _tLos comunistas terminan con las riquezas de un país cuando toman el poder. |
||
| 590 | _aInventariado, 2019/VM | ||
| 650 |
_aComunismo _zRepública Dominicana _944646 |
||
| 942 |
_2ddc _cLF1 |
||
| 999 |
_c31120 _d31120 |
||